LEADER 00814nam0 22002291i 450 001 UON00182045 005 20231205103136.484 100 $a20030730d1976 |0itac50 ba 101 $aeng 102 $aGB 105 $a|||| 1|||| 200 1 $aˆThe ‰developing Common Market$fJohn Paxton 210 $aLondon$cMacMillan$d1976 215 $a240 p. $d23 cm. 606 $aCEE$xIntegrazione economica$3UONC035438$2FI 700 1$aPAXTON$bJohn$3UONV104381$00 801 $aIT$bSOL$c20240220$gRICA 899 $aSIBA - SISTEMA BIBLIOTECARIO DI ATENEO$2UONSI 912 $aUON00182045 950 $aSIBA - SISTEMA BIBLIOTECARIO DI ATENEO$dSI IX DIR INTCOM A 0061 $eSI SC 2836 5 0061 996 $aDeveloping Common Market$9612349 997 $aUNIOR